KANAK-KANAK PINTAR CERDAS : Teori, Pembelajaran dan Kaunseling

Bibliographic Details
Main Authors: Sapora Sipon Datin, Prof. Madya, Dr. , 1970- (Author), Siti Khadijah Nasran (Author)
Format: Book
Language:Malay
Published: Nilai, Negeri Sembilan : Penerbit USIM 2021
Subjects:

MARC

LEADER 00000cam a2200000 7i4500
001 0000150657
005 20231215.0
008 231215s2021 my x may
020 |a 9789674409401 
040 |a PERPUSTAM   |b eng   |c PERPUSTAM   |e rda 
041 |a may 
090 0 0 |a 155.455   |b SAP 
100 0 |a Sapora Sipon   |c Datin, Prof. Madya, Dr. ,   |d 1970- ,   |e author 
245 1 0 |a KANAK-KANAK PINTAR CERDAS :   |b Teori, Pembelajaran dan Kaunseling   |c SAPORA SIPON, SITI KHADIJAH NASRAN 
264 1 |a Nilai, Negeri Sembilan :   |b Penerbit USIM   |c 2021 
300 |a 190 pages :   |b photographs ;   |c 23 cm. 
336 |a text  |2 rdacontent 
337 |a unmediated  |2 rdamedia 
338 |a volume  |2 rdacarrier 
500 |a Includes index 
504 |a Bibliography: pages [175]-185 
650 1 0 |a Gifted children   |x Identification 
650 2 0 |a Gifted children   |x Psychology 
650 2 0 |a Government publications   |z Malaysia 
700 0 |a Siti Khadijah Nasran ,   |e author 
999 |a 0000786749   |b Buku   |c Rak Terbuka   |e Perbadanan Perpustakaan Awam Melaka 
999 |a 0000786750   |b Buku   |c Rak Terbuka   |e Perbadanan Perpustakaan Awam Melaka 
999 |a 0000786751   |b Buku   |c Rak Terbuka   |e Perbadanan Perpustakaan Awam Melaka 
999 |a 0000786752   |b Buku   |c Rak Terbuka   |e Perpustakaan Cawangan Masjid Tanah 
999 |a 0000786753   |b Buku   |c Rak Terbuka   |e Perpustakaan Cawangan Merlimau 
999 |a 0000786754   |b Buku   |c Rak Terbuka   |e Perpustakaan Komuniti UTC Melaka 
999 |a 0000786755   |b Buku   |c Rak Terbuka   |e Perbadanan Perpustakaan Awam Melaka